মুক্তিযুদ্ধে স্যাপার্স : (Record no. 10706)
[ view plain ]
| 000 -LEADER | |
|---|---|
| fixed length control field | 00938nam a2200217 a 4500 |
| 001 - CONTROL NUMBER | |
| JCCL Control Number | 10706 |
| 003 - CONTROL NUMBER IDENTIFIER | |
| JCCL marc code | BD-JhCC |
| 005 - DATE AND TIME OF LATEST TRANSACTION | |
| control field | 20180809175834.0 |
| 008 - FIXED-LENGTH DATA ELEMENTS--GENERAL INFORMATION | |
| fixed length control field | 180809s2018 bg |||| |||| 000 0 ben d |
| 035 ## - SYSTEM CONTROL NUMBER | |
| system control number | (BD-JhCC)10706 |
| 040 ## - CATALOGING SOURCE | |
| Original cataloging agency | BD-JhCC |
| Modifying agency | BD-JhCC |
| 041 ## - LANGUAGE CODE | |
| Language code of Book | eng |
| 082 ## - DEWEY DECIMAL CLASSIFICATION NUMBER | |
| Classification number | 355 |
| Author mark and Year | HAQ 2018 |
| 100 ## - MAIN ENTRY--PERSONAL NAME | |
| Personal name | হক, জেনারেল আবু বেলাল মোহাম্মদ শফিউল |
| 245 ## - TITLE STATEMENT | |
| Title | মুক্তিযুদ্ধে স্যাপার্স : |
| Remainder of title | স্বাধীনতা যুদ্ধে কোর অব ইঞ্জিনিয়ার্স / |
| Statement of responsibility, etc | জেনারেল আবু বেলাল মোহাম্মদ শফিউল হক, |
| 260 ## - PUBLICATION, DISTRIBUTION, ETC. (IMPRINT) | |
| Place of publication, distribution, etc | ঢাকা : |
| Name of publisher, distributor, etc | সেনাসদর, |
| Date of publication, distribution, etc | ২০১৮. |
| 300 ## - PHYSICAL DESCRIPTION | |
| Pagination | ৬০৫ পৃ. : |
| Other physical details | চিত্রাবলী, |
| Dimensions | ২৫ সেমি. |
| 650 ## - SUBJECT ADDED ENTRY--TOPICAL TERM | |
| Topical term or geographic name as entry element | Liberation war |
| 650 ## - SUBJECT ADDED ENTRY--TOPICAL TERM | |
| Topical term or geographic name as entry element | Bangaldesh Army |
| 942 ## - ADDED ENTRY ELEMENTS (KOHA) | |
| Source of classification or shelving scheme | Dewey Decimal Classification |
| Koha item type | Books |
| Source of classification or shelving scheme | Damaged status | Not for loan | Home library | Current library | Shelving location | Date of accession | Cost, normal purchase price | Total Checkouts | Full call number | Barcode | Date last seen | Copy number | Koha item type |
|---|---|---|---|---|---|---|---|---|---|---|---|---|---|
| Dewey Decimal Classification | JCC Rouf Library | JCC Rouf Library | General Stacks | 08/09/2018 | 500.00 | 355 HAQ 2018 | 14278 | 08/09/2018 | C-1 | Books | |||
| Dewey Decimal Classification | JCC Rouf Library | JCC Rouf Library | General Stacks | 08/09/2018 | 500.00 | 355 HAQ 2018 | 14277 | 08/09/2018 | C-2 | Books | |||
| Dewey Decimal Classification | JCC Rouf Library | JCC Rouf Library | General Stacks | 08/09/2018 | 500.00 | 355 HAQ 2018 | 14276 | 08/09/2018 | C-3 | Books | |||
| Dewey Decimal Classification | JCC Rouf Library | JCC Rouf Library | General Stacks | 08/09/2018 | 500.00 | 355 HAQ 2018 | 14275 | 08/09/2018 | C-4 | Books | |||
| Dewey Decimal Classification | JCC Rouf Library | JCC Rouf Library | General Stacks | 08/09/2018 | 500.00 | 355 HAQ 2018 | 14282 | 08/09/2018 | C-5 | Books | |||
| Dewey Decimal Classification | JCC Rouf Library | JCC Rouf Library | General Stacks | 08/09/2018 | 500.00 | 355 HAQ 2018 | 14281 | 08/09/2018 | C-6 | Books | |||
| Dewey Decimal Classification | JCC Rouf Library | JCC Rouf Library | General Stacks | 08/09/2018 | 500.00 | 355 HAQ 2018 | 14280 | 08/09/2018 | C-7 | Books | |||
| Dewey Decimal Classification | JCC Rouf Library | JCC Rouf Library | General Stacks | 08/09/2018 | 500.00 | 355 HAQ 2018 | 14279 | 08/09/2018 | C-8 | Books |